000
00199 a2200097 4500
001
24978
100
_a
Comrie, L.J
245
_a
Barlow's tables
260
_a
_b
Science P.B
_c
090
_c
16924
_d
16924
942
_a
NUST-CAE
_c
M
_c
7696
999
_c
260051
_d
260051